LIBRARY & INFORMATION CENTRE, KCAET, TAVANUR

ONLINE PUBLIC ACCESS CATALOGUE (OPAC)

Fundamentals of machine design, Vol.4 / (Record no. 8755)

MARC details
000 -LEADER
fixed length control field 00360cam a2200145ua 4500
041 ## - LANGUAGE CODE
Language code of text/sound track or separate title eng
082 ## - DEWEY DECIMAL CLASSIFICATION NUMBER
Classification number 621.815
Item number ORL/FU
100 ## - MAIN ENTRY--AUTHOR NAME
Personal name Orlov, P .
245 ## - TITLE STATEMENT
Title Fundamentals of machine design, Vol.4 /
260 ## - PUBLICATION, DISTRIBUTION, ETC. (IMPRINT)
Place of publication Moscow :
Name of publisher Mir publishers ,
Year of publication 1980.
300 ## - PHYSICAL DESCRIPTION
Number of Pages 386 ; .
942 ## - ADDED ENTRY ELEMENTS (KOHA)
Koha item type Books
Holdings
Withdrawn status Lost status Damaged status Home library Current library Date acquired Full call number Accession Number Koha item type
      KAUAET KAUAET 07/04/2012 621.815 18699 Books
free website counter